| 000 -LEADER |
| fixed length control field |
01246nam a22001577a 4500 |
| 008 - FIXED-LENGTH DATA ELEMENTS--GENERAL INFORMATION |
| fixed length control field |
220913b ||||| |||| 00| 0 eng d |
| 100 ## - MAIN ENTRY--PERSONAL NAME |
| Personal name |
Wise, Charles R. |
| 245 ## - TITLE STATEMENT |
| Title |
Accountability in collaborative federal programs: Multidimensional and multilevel performance measures needed: The case of wildland fire prevention |
| 260 ## - PUBLICATION, DISTRIBUTION, ETC. (IMPRINT) |
| Place of publication, distribution, etc |
American Review of Public Administration |
| 300 ## - PHYSICAL DESCRIPTION |
| Extent |
52(2), Feb, 2022: p.95-108 |
| 520 ## - SUMMARY, ETC. |
| Summary, etc |
Collaborative programs among Federal agencies, state and local agencies, and private sector organizations are often prescribed to address difficult interdisciplinary and intersectoral problems. Accountability for these efforts is difficult to achieve and has frequently proved elusive. This research explores the nature of the accountability dilemma in collaborative programs and analyzes and illustrates them in the context of wildland fire prevention in the United States. It suggests a multilevel–multimeasurement approach is key to achieving a fuller picture of accountability in collaborative networks. – Reproduced |
| 650 ## - SUBJECT ADDED ENTRY--TOPICAL TERM |
| Topical term or geographic name as entry element |
Whildhand free, Accountability, Collaboration. |
| 9 (RLIN) |
32869 |
| 773 ## - HOST ITEM ENTRY |
| Main entry heading |
American Review of Public Administration |
| 906 ## - LOCAL DATA ELEMENT F, LDF (RLIN) |
| Subject DIP |
PUBLIC ADMINISTRATION |
| 942 ## - ADDED ENTRY ELEMENTS (KOHA) |
| Item type |
Articles |